| 000 | 00515nam a2200181Ia 4500 | ||
|---|---|---|---|
| 999 |
_c13806 _d13806 |
||
| 003 | OSt | ||
| 005 | 20201116104628.0 | ||
| 008 | 190216s9999||||xx |||||||||||||| ||und|| | ||
| 020 | _a8121900093 | ||
| 040 | _coclc | ||
| 082 |
_a425 _bWRE/H |
||
| 100 |
_aWren, P C _96398 |
||
| 245 | 0 |
_aHigh School English Grammer&Composition / _cP C Wren ; Martin |
|
| 260 |
_bS.chand & Company ltd _aNew Delhi: _c1993. |
||
| 300 | _a419p | ||
| 650 | _aEnglish | ||
| 942 |
_cBK _2ddc _h425 _iWRE/H _k425 _mWRE/H |
||